Language Quiz

Random Language or Letter Quiz

Ends With 'ILLA' Quiz Stats

Quiz Updated May 8, 2016

Also try: Ends With 'NGLE'
Challenge
Share
Tweet
Embed
Score 0/14 Timer 04:00
1 Play Today
Hint Word % Correct
Large and usually luxurious country residencevilla
96.6%
The largest member of the ape familygorilla
95.9%
Flat bread used in burritos, enchilada, and as taco wraptortilla
88.1%
Small, South American rodent often used as petschinchilla
73.5%
A form for irregular warfare guerrilla
70.9%
Flavor derived from orchids of the genus of the same namevanilla
64.9%
A small fleet of ships or boatsflotilla
60.2%
Hint Word % Correct
Mexican dish composed of flat bread filled with cheese, salsa, etc.quesadilla
55.6%
The two bones forming the upper jaw and palate of the mouthmaxilla
36.4%
Sweetened carbonated beverage that tastes somewhat like root beersarsaparilla
26.6%
Another word for the armpitaxilla
24%
Woman's silk scarf covering the shoulders and head, used esp. in Spainmantilla
21.8%
The character (¸), added under certain letters as a diacritical mark, like in Curaçaocedilla
21.4%
Common name for the Striped Polecat, a skunk-like African mammalzorilla
5.6%

You're not logged in!

Compare scores with friends on all Sporcle quizzes.
Join for Free
OR
Log In

You Might Also Like...

Show Comments

Extras

Top Quizzes Today


Score Distribution

Your Account Isn't Verified!

In order to create a playlist on Sporcle, you need to verify the email address you used during registration. Go to your Sporcle Settings to finish the process.

Report this User

Report this user for behavior that violates our Community Guidelines.

Details: